00359nam a2200109Ia 4500008004100000245011100041260004900152260000900201300001000210500001300220650001600233170224s9999 xx 000 0 und d aCross-cultural variations in Big Five relationships with religiosity: A sociocultural motives perspective. bJournal of Personality and Social Psychology c2014 a107:6 aDecember xPsychology.